Milenio: historia
Gorde:
| Egile Nagusiak: | , |
|---|---|
| Formatua: | Liburua |
| Hizkuntza: | gaztelania |
| Argitaratua: |
Madrid
SM
1998
|
| Saila: | Secundaria Ciencias Sociales, Segundo Ciclo Eso
|
| Gaiak: | |
| Etiketak: |
Etiketa erantsi
Etiketarik gabe, Izan zaitez lehena erregistro honi etiketa jartzen!
|
MARC
| LEADER | 00000nam a2200000 a 4500 | ||
|---|---|---|---|
| 001 | UCI1855 | ||
| 003 | CL-VaPUC | ||
| 008 | 070720e19980000SP |||||||||||||||||spa|d | ||
| 020 | |a 8434859122 | ||
| 082 | 0 | 4 | |a 372.89 |b SAN |2 21 |
| 100 | 0 | |a Santacana i Mestre, Joan |e author |9 522607 | |
| 700 | 0 | |a Zaragoza, Gonzalo |e author |9 522608 | |
| 245 | 1 | 0 | |a Milenio: historia |
| 300 | |a Pág. irreg | ||
| 942 | |c BK | ||
| 945 | |d 20070720 00:00:00 |a jtorresc | ||
| 260 | |a Madrid |b SM |c 1998 | ||
| 500 | |a Incluye un diskette | ||
| 500 | |a Contiene transparencias | ||
| 500 | |a Recursos didácticos | ||
| 650 | 0 | |a Enseñanza de la historia |9 307330 | |
| 650 | 0 | |a Enseñanza de la geografía |9 310005 | |
| 650 | 7 | |a RECURSOS DIDACTICOS |2 CL-VaPUC |9 522609 | |
| 583 | |a last modification |c 20070720 00:00:00 |k Rodrigo Vera | ||
| 490 | 0 | |a Secundaria Ciencias Sociales, Segundo Ciclo Eso | |
| 999 | |c 326568 |d 326566 | ||
| 952 | |0 0 |1 0 |4 0 |6 372_890000000000000_SAN_1998 |7 0 |8 A |9 408556 |a BIBHIS |b BIBHIS |d 2019-11-22 |i 4159608 |o 372.89 SAN 1998 |p 4159608 |r 2025-01-20 |w 2019-11-22 |y BK |k HIS | ||